| 000 | 00523nam a2200181Ia 4500 | ||
|---|---|---|---|
| 005 | 20250508152819.0 | ||
| 008 | 008 250505s9999 xx 000 0 hin d | ||
| 037 | _aReference | ||
| 040 |
_aFEDL _beng _cFEDL |
||
| 041 |
_ahin _2hin |
||
| 084 |
_a370.1, MAT _qFEDL |
||
| 100 |
_aMathur S S _9762455 |
||
| 245 | 0 | _aShiksha siddhant: Shiksha ke darshanik tatha samajik adhar | |
| 260 |
_aAgra, India _bVinod Pustak Mandir _c1961 |
||
| 300 | _a343p. | ||
| 942 |
_cREF _h370.1, MAT |
||
| 999 |
_c1338916 _d1338916 |
||